000 00660nmm a2200205Ia 4500
008 251105s9999||||xx |||||||||||||||||und||
020 _a9788484891215
041 _aspa
100 _aSalvador Miguel, Nicasio
245 0 _aFantasía y literatura en la Edad Media y los Siglos de Oro
264 _a[Madrid, España] :
_bIberoamericana Vervuert,
_c2004
300 _a360 páginas
490 _aBiblioteca Áurea Hispánica
650 _aSpanish literature
700 _aSalvador Miguel, Nicasio
700 1 _a López-Ríos, Santiago
700 1 _a Borrego Gutiérrez, Esther
856 _uhttps://public.digitaliapublishing.com/a/15389
942 _cCF
999 _c71019
_d71019